|
|
|
|
| LEADER |
00000nab a2200000 ar4500 |
| 001 |
vtls009962505 |
| 003 |
SK-MaSNL |
| 005 |
20260305020232.0 |
| 008 |
091022c2009 xo wr|p|||||||000 b|slo |
| 015 |
|
|
|a SNBRB2009/10
|2 snkbucl
|
| 040 |
|
|
|a SNKBUCL
|b slo
|c SNKBUCL
|e AACR2
|
| 041 |
0 |
|
|a slo
|
| 044 |
|
|
|a xo
|c SK
|
| 080 |
|
|
|a 661.975
|2 2001
|
| 080 |
|
|
|a 546.26
|2 2001
|
| 100 |
1 |
|
|a Ač, Alexander,
|d 1980-
|4 aut
|9 185434
|
| 245 |
1 |
0 |
|a Kam s uhlíkom?
|c Alexander Ač
|
| 300 |
|
|
|b Obr.
|
| 650 |
0 |
7 |
|a uhlík
|2 snkbucl
|9 18124
|
| 650 |
0 |
7 |
|a oxid uhličitý
|2 snkbucl
|9 17291
|
| 773 |
0 |
|
|t Žurnál
|g Roč. III, č. 41 (2009), s. 62-64
|x 1337-219X
|
| 852 |
|
|
|a SNK
|b KIS3GCP
|
| 999 |
|
|
|c 3279616
|d 3281546
|